000 00532nam a2200205Ia 4500
003 LK-CoDNM
005 20240920130048.0
008 010623t xxu||||| |||| 00| 1 eng d
040 _aLK-CoDNM
_dLK-CoDNM
_eLK-CoDNM
041 _aeng
080 _a14
_bK52
100 _aTresidder,Argus John.
245 _aCeylon an Introduction to the"Resplendent Land"
260 _bD.Van Nostrand Com.
_aNew jersey
300 _bviii, 237p. ; 20 cm
650 _aBritish Period
650 _aCeylon
650 _aEconomy
942 _cBK
999 _c133936
_d133936